<?xml version="1.0" encoding="UTF-8"?><marc:collection xmlns:marc="http://www.loc.gov/MARC21/slim">
  <marc:record>
    <marc:leader>00000cam  2200000zi 4500</marc:leader>
    <marc:controlfield tag="001">9.962719</marc:controlfield>
    <marc:controlfield tag="003">CaOODSP</marc:controlfield>
    <marc:controlfield tag="005">20260512092946</marc:controlfield>
    <marc:controlfield tag="006">m     o  d f      </marc:controlfield>
    <marc:controlfield tag="007">cr mn|||||||||</marc:controlfield>
    <marc:controlfield tag="008">260512e199701##xxcab   ob   f000 0 eng d</marc:controlfield>
    <marc:datafield tag="040" ind1=" " ind2=" ">
      <marc:subfield code="a">CaOODSP</marc:subfield>
      <marc:subfield code="b">eng</marc:subfield>
      <marc:subfield code="e">rda</marc:subfield>
      <marc:subfield code="c">CaOODSP</marc:subfield>
    </marc:datafield>
    <marc:datafield tag="041" ind1="0" ind2=" ">
      <marc:subfield code="a">eng</marc:subfield>
      <marc:subfield code="b">eng</marc:subfield>
      <marc:subfield code="b">fre</marc:subfield>
    </marc:datafield>
    <marc:datafield tag="043" ind1=" " ind2=" ">
      <marc:subfield code="a">n-cn-ns</marc:subfield>
      <marc:subfield code="a">n-cn-nk</marc:subfield>
      <marc:subfield code="a">ln-----</marc:subfield>
    </marc:datafield>
    <marc:datafield tag="045" ind1=" " ind2=" ">
      <marc:subfield code="a">x7x9</marc:subfield>
    </marc:datafield>
    <marc:datafield tag="086" ind1="1" ind2=" ">
      <marc:subfield code="a">Fs97-4/2426E-PDF</marc:subfield>
      <marc:subfield code="z">Fs97-4/2426E</marc:subfield>
    </marc:datafield>
    <marc:datafield tag="100" ind1="1" ind2=" ">
      <marc:subfield code="a">Mahon, Robin, </marc:subfield>
      <marc:subfield code="e">author.</marc:subfield>
    </marc:datafield>
    <marc:datafield tag="245" ind1="1" ind2="0">
      <marc:subfield code="a">Demersal fish assemblages from the Scotian Shelf and Bay of Fundy, based on trawl survey data (1970-1993) / </marc:subfield>
      <marc:subfield code="c">by Robin Mahon.</marc:subfield>
    </marc:datafield>
    <marc:datafield tag="264" ind1=" " ind2="1">
      <marc:subfield code="a">[Place of publication not identified] : </marc:subfield>
      <marc:subfield code="b">Fisheries and Oceans = Pêches et océans, </marc:subfield>
      <marc:subfield code="c">January 1997.</marc:subfield>
    </marc:datafield>
    <marc:datafield tag="264" ind1=" " ind2="4">
      <marc:subfield code="c">©1997</marc:subfield>
    </marc:datafield>
    <marc:datafield tag="300" ind1=" " ind2=" ">
      <marc:subfield code="a">1 online resource (v, 38 pages) : </marc:subfield>
      <marc:subfield code="b">illustrations, maps.</marc:subfield>
    </marc:datafield>
    <marc:datafield tag="336" ind1=" " ind2=" ">
      <marc:subfield code="a">text</marc:subfield>
      <marc:subfield code="b">txt</marc:subfield>
      <marc:subfield code="2">rdacontent</marc:subfield>
    </marc:datafield>
    <marc:datafield tag="337" ind1=" " ind2=" ">
      <marc:subfield code="a">computer</marc:subfield>
      <marc:subfield code="b">c</marc:subfield>
      <marc:subfield code="2">rdamedia</marc:subfield>
    </marc:datafield>
    <marc:datafield tag="338" ind1=" " ind2=" ">
      <marc:subfield code="a">online resource</marc:subfield>
      <marc:subfield code="b">cr</marc:subfield>
      <marc:subfield code="2">rdacarrier</marc:subfield>
    </marc:datafield>
    <marc:datafield tag="490" ind1="1" ind2=" ">
      <marc:subfield code="a">Canadian manuscript report of fisheries and aquatic sciences, </marc:subfield>
      <marc:subfield code="y">0706-6473 ; </marc:subfield>
      <marc:subfield code="v">no. 2426</marc:subfield>
    </marc:datafield>
    <marc:datafield tag="500" ind1=" " ind2=" ">
      <marc:subfield code="a">Digitized edition from print [produced by Department of Fisheries and Oceans].</marc:subfield>
    </marc:datafield>
    <marc:datafield tag="504" ind1=" " ind2=" ">
      <marc:subfield code="a">Includes bibliographical references (pages 10-12).</marc:subfield>
    </marc:datafield>
    <marc:datafield tag="520" ind1="3" ind2=" ">
      <marc:subfield code="a">"Demersal research trawl survey data for the Scotian Shelf and Bay of Fundy, were analysed by cluster analysis in order to: define and map the demersal fish assemblages; examine the patterns of diversity of demersal fishes; and explore a simple habitat suitability model for yellowtail flounder. The analysis producing six site groups was selected as the most reasonable and interpretable. Similarly, a clustering level producing six species groups was selected for display. Site group 1 occurs mainly on the eastern Scotian Shelf, but also in the mouth of the Bay of Fundy (main species, American plaice, thorny skate, smooth skate, Vahl's eelpout). Site group 2 occurs mainly on the western shelf in deep water between banks and along the Fundian Channel (main species, spiny dogfish, pollock, cusk, blackbelly rosefish, argentine). Site group 3 occurs mainly on banks and in the head of the Bay of Fundy (main species, haddock, halibut, wolfish, sand lance) Site group 4 occurs primarily in the central Scotian Shelf (main species, red hake, silver hake, angler). Site group 5 is in deep water along the slope of the Laurentian Channel, the outer Scotian Shelf slope and the mouth of the Fundian Channel (main species, common grenadier, longfin hake, redfish). Site group 6 is largely in shallow water in the Bay of Fundy and around Sable Island (main species, longhorn sculpin, sea raven, winter flounder). Depth and temperature were used to predict the occurrence and abundance of yellowtail flounder. Years 1970-1989 were used to develop the model which was used to predict for years 1990-1993. There was significant correlation between predicted and observed values"--Abstract, page iv.</marc:subfield>
    </marc:datafield>
    <marc:datafield tag="546" ind1=" " ind2=" ">
      <marc:subfield code="a">Includes abstracts in English and French.</marc:subfield>
    </marc:datafield>
    <marc:datafield tag="650" ind1=" " ind2="0">
      <marc:subfield code="a">Groundfishes</marc:subfield>
      <marc:subfield code="z">Scotian Shelf.</marc:subfield>
    </marc:datafield>
    <marc:datafield tag="650" ind1=" " ind2="0">
      <marc:subfield code="a">Groundfishes</marc:subfield>
      <marc:subfield code="z">Fundy, Bay of.</marc:subfield>
    </marc:datafield>
    <marc:datafield tag="650" ind1=" " ind2="0">
      <marc:subfield code="a">Fish communities</marc:subfield>
      <marc:subfield code="z">Scotian Shelf.</marc:subfield>
    </marc:datafield>
    <marc:datafield tag="650" ind1=" " ind2="0">
      <marc:subfield code="a">Fish communities</marc:subfield>
      <marc:subfield code="z">Fundy, Bay of.</marc:subfield>
    </marc:datafield>
    <marc:datafield tag="650" ind1=" " ind2="6">
      <marc:subfield code="a">Poissons de fond</marc:subfield>
      <marc:subfield code="z">Néo-écossaise, Plateforme.</marc:subfield>
    </marc:datafield>
    <marc:datafield tag="650" ind1=" " ind2="6">
      <marc:subfield code="a">Poissons de fond</marc:subfield>
      <marc:subfield code="z">Fundy, Baie de.</marc:subfield>
    </marc:datafield>
    <marc:datafield tag="650" ind1=" " ind2="6">
      <marc:subfield code="a">Poissons</marc:subfield>
      <marc:subfield code="x">Communautés</marc:subfield>
      <marc:subfield code="z">Néo-écossaise, Plateforme.</marc:subfield>
    </marc:datafield>
    <marc:datafield tag="650" ind1=" " ind2="6">
      <marc:subfield code="a">Poissons</marc:subfield>
      <marc:subfield code="x">Communautés</marc:subfield>
      <marc:subfield code="z">Fundy, Baie de.</marc:subfield>
    </marc:datafield>
    <marc:datafield tag="710" ind1="1" ind2=" ">
      <marc:subfield code="a">Canada. </marc:subfield>
      <marc:subfield code="b">Department of Fisheries and Oceans, </marc:subfield>
      <marc:subfield code="e">issuing body.</marc:subfield>
    </marc:datafield>
    <marc:datafield tag="830" ind1="#" ind2="0">
      <marc:subfield code="a">Canadian manuscript report of fisheries and aquatic sciences ;</marc:subfield>
      <marc:subfield code="v">no. 2426.</marc:subfield>
      <marc:subfield code="w">(CaOODSP)9.505211</marc:subfield>
    </marc:datafield>
    <marc:datafield tag="856" ind1="4" ind2="0">
      <marc:subfield code="q">PDF</marc:subfield>
      <marc:subfield code="s">838 KB</marc:subfield>
      <marc:subfield code="u">https://publications.gc.ca/collections/collection_2026/mpo-dfo/fs97-4/Fs97-4-2426-eng.pdf</marc:subfield>
    </marc:datafield>
  </marc:record>
</marc:collection>
